Géographie de l'Amérique du Sud par lettre - B - Statistiques

Statistiques générales
  • Ce quiz a été pris 145 fois
  • Le résultat moyen est 8 sur 20
Statistiques - réponses
Hint Réponse % Correct
Trois capitales sud-américaines commencent par B Brasilia
95%
Bogota
88%
L'un des deux pays sud-américains enclavés Bolivie
88%
Buenos aires
80%
On les appelle Villa miserias en Argentine, Favelas au Brésil Bidonville
64%
Homme politique qui a donné son nom à une montagne, un pays, deux monnaies et de multiples provinces, états et municipalités sud-américains Simon Bolivar
63%
Groupe de pays à forte croissance dont le Brésil est l'un des pays fondateurs BRICS+
60%
Criminel de guerre nazi réfugié en Amérique du Sud arrêté à la Paz en 1983 puis jugé à Lyon Klaus Barbie
55%
Nom donné à certains bois rouges, qui a ensuite désigné le nom d'un pays sud-américain Bois {Brésil}
44%
Quartier de Lisbonne qui a donné son nom à la capitale de l'état de Para (Brésil) Belem
28%
Capitale de l'Etat de Minas Gerais (Brésil) Belo Horizonte
26%
Ancien nom du Guyana avant son indépendance Guyane {britannique}
21%
Plusieurs pays sud-américains sont qualifiés de "mégadivers", parce qu'ils montrent une richesse particulière dans ce domaine Biodiversité
15%
Etat du Nordeste brésilien Bahia
13%
Mode de culture traditionnellement utilisé en Amazonie Culture sur {brûlis}
13%
C'est un cours d'eau qui pourrait être le négatif du Rio Negro, mais c'est aussi le nom de plusieurs villes sud-américaines Rio {Branco}
9%
Monnaie de ce pays Boliviano
7%
Formation rocheuse ancienne (précambrien) qui s'étend sur six pays d'Amérique du Sud {Bouclier} guyanais
4%
Région et fleuve du Chili. Très écolo écolo ? Biobio
3%
Département et importante rivière de Bolivie. Oui, oui ! Beni
2%
Aucun quiz correspondant
Distribution des résultats
% des personnes avec chaque résultat
Percentile par nombre de réponses
Votre historique - résultats
Vous n’avez pas pris ce quiz